| 000 | 00352 a2200157 4500 | ||
|---|---|---|---|
| 001 | 177732 | ||
| 020 | _a | ||
| 040 | _cMagnum | ||
| 100 | _aLoumaye, Jacqueline | ||
| 240 | 1 | 0 |
_aVan gogh: um toque de amarelo _lpor |
| 245 | 1 | 0 | _aVan gogh: um toque de amarelo |
| 362 | 0 | _a1899 | |
| 440 | 1 | _aSalamandra | |
| 697 | _aMAGNITO: IJ/FICCAO | ||
| 942 | _cBK | ||
| 999 |
_c177732 _d177732 |
||